=LDR 00000nam 2200000 4500 =001 001131 =005 20250713060908 =035 ##$$a 0010-0725001015 =007 ta =008 250713################a##########0#ind## =020 ##$$a 978-623-307-281-6 =082 ##$$a 398. 209 598 =084 ##$$a 398. 209 598 WIL g =100 #$$a Wilson, Sam =245 1#$$a Gajah Di Dalam Kamar /$c Sam Wilson =250 ##$$a Cetakan Pertama =260 ##$$a Jakarta Timur :$b Badan Pengembangan dan Pembinaan Bahasa,$c 2024 =300 ##$$a 16 hlm. : $b Ilus. ; $c 29 cm =650 #4$$a Cerita anak Indonesia-Terjemahan =650 #4$$a Literasi-Bahan Bacaan =990 ##$$a TBM202400679